WWE Wrestlers When They Were Young - Statistics

General Stats
  • This quiz has been taken 94 times
  • The average score is 9 of 12
Answer Stats
Picture Answer % Correct
The Rock
100%
Triple H
95%
Edge
92%
John Cena
92%
Kurt Angle
91%
Rey Mysterio
90%
Matt Hardy
68%
Shawn Michaels
65%
Jeff Hardy
62%
Randy Orton
57%
Bret Hart
52%
Batista
20%
No matching quizzes found
Score Distribution
Percent of People with Each Score
Percentile by Number Answered
Your Score History
You have not taken this quiz